书目信息 |
| 题名: |
习近平重要讲话单行本
|
|
| 作者: | 习近平 著 | |
| 分册: | ||
| 出版信息: | 北京 人民出版社 2024.01 |
|
| 页数: | 107页 | |
| 开本: | 21cm | |
| 丛书名: | ||
| 单 册: | ||
| 中图分类: | D2-0 | |
| 科图分类: | ||
| 主题词: | 国家领导人--演讲--中国--现代 | |
| 电子资源: | ||
| ISBN: | 978-7-01-026345-8 | |
| 000 | 00967nam0 2200241 450 | |
| 001 | 012430501 | |
| 005 | 20251022164043.58 | |
| 010 | @a978-7-01-026345-8@dCNY15.00 | |
| 100 | @a20240305d2024 em y0chiy0120 ea | |
| 101 | 0 | @achi |
| 102 | @aCN@b110000 | |
| 105 | @ay z 000yy | |
| 106 | @ar | |
| 200 | 1 | @a习近平重要讲话单行本@9xi jin ping zhong yao jiang hua dan xing ben@e2023年合订本@f习近平 |
| 210 | @a北京@c人民出版社@d2024.01 | |
| 215 | @a107页@d21cm | |
| 330 | @a本书收入习近平总书记讲话单行本10种、11篇,包括《在第十四届全国人民代表大会第一次会议上的讲话(2023年3月13日)》《在学习贯彻习近平新时代中国特色社会主义思想主题教育工作会议上的讲话(2023年4月3日)》《在文化传承发展座谈会上的讲话(2023年6月2日)》等。 | |
| 600 | 0 | @a习近平@f(1953- )@x演讲@j学习参考资料 |
| 606 | 0 | @a国家领导人@x演讲@y中国@z现代 |
| 690 | @aD2-0@v5 | |
| 701 | 0 | @a习近平@9xi jin ping@f(1953-)@4著 |
| 801 | 0 | @aCN@c20250910 |
| 905 | @a河南城建学院图书馆@dD2-0@eX151/11@ZX151/11@f1 | |
| 习近平重要讲话单行本:2023年合订本/习近平.-北京:人民出版社,2024.01 |
| 107页;21cm |
| ISBN 978-7-01-026345-8:CNY15.00 |
| 本书收入习近平总书记讲话单行本10种、11篇,包括《在第十四届全国人民代表大会第一次会议上的讲话(2023年3月13日)》《在学习贯彻习近平新时代中国特色社会主义思想主题教育工作会议上的讲话(2023年4月3日)》《在文化传承发展座谈会上的讲话(2023年6月2日)》等。 |
| ● |
| 相关链接 |
|
|
|
正题名:习近平重要讲话单行本
索取号:D2-0/X151/11
 
预约/预借
| 序号 | 登录号 | 条形码 | 馆藏地/架位号 | 状态 | 备注 |
| 1 | 1634166 | 216341661 | 社科库509/509社科库 68排6列2层/ [索取号:D2-0/X151/11] | 在馆 |